000 00626nam a22001457a 4500
020 _a0-340-72336-X
082 _a823
_bBIN/C
100 _aBINCHY, MAEVE
245 _a CIRCLE OF FRIENDS
260 _aLONDON
_bCORONET BOOKS
300 _a551
520 _aIn the fictional small Irish town of Knockglen in 1950, an unlikely friendship blossoms between ten-year-old Bernadette 'Benny' Hogan – an overweight, big-hearted, only child of a local merchant – and wiry orphan Eve Malone, raised from birth by nuns in a Catholic convent after her late mother's upper-class Protestant ...
650 _aNOVEL
_zLONDON
942 _cBK
999 _c2249
_d2249